|
|
|
|
| LEADER |
00000nam0a2200000 4500 |
| 001 |
674677 |
| 005 |
20240918143245.0 |
| 090 |
|
|
|a 674677
|
| 100 |
|
|
|a 20240918d1978 km|y0rusy50 ca
|
| 101 |
0 |
|
|a rus
|
| 102 |
|
|
|a RU
|
| 105 |
|
|
|a a z 001yy
|
| 181 |
|
0 |
|a i
|b e
|
| 182 |
|
0 |
|a n
|
| 183 |
|
0 |
|a nc
|2 RDAcarrier
|
| 200 |
1 |
|
|a Звездные скопления и двойные системы
|e межвузовский сборник
|f Уральский государственный университет им. А. М. Горького
|
| 203 |
|
|
|a Текст
|b визуальный
|c непосредственный
|
| 210 |
|
|
|a Свердловск
|c [Б.и.]
|d 1978
|
| 215 |
|
|
|a 188 с.
|c ил.
|
| 283 |
|
|
|a volume
|2 RDAcarrier
|
| 320 |
|
|
|a Литература в конце статей
|
| 606 |
1 |
|
|a Звездные скопления
|x Динамика
|9 38383
|
| 610 |
1 |
|
|a рассеянные звездные скопления
|
| 610 |
1 |
|
|a физические параметры
|
| 610 |
1 |
|
|a динамические параметры
|
| 610 |
1 |
|
|a светимость
|
| 610 |
1 |
|
|a звездообразование
|
| 610 |
1 |
|
|a структурные особенности
|
| 610 |
1 |
|
|a тесные двойные системы
|
| 610 |
1 |
|
|a кривые блеска
|
| 610 |
1 |
|
|a геометрические элементы
|
| 610 |
1 |
|
|a исследования
|
| 675 |
|
|
|a 524.4
|v 4
|
| 712 |
0 |
2 |
|a Уральский государственный университет им. А. М. Горького
|c (Свердловск/Екатеринбург)
|c (1945-2011)
|4 570
|9 23499
|
| 801 |
|
0 |
|a RU
|b 63413507
|c 20240918
|
| 830 |
|
|
|a Ретро2024Каталогизация Шило
|
| 850 |
|
|
|a 63413507
|
| 942 |
|
|
|c BK
|